Toute les races de chien en R (sans image) - Statistiques

Statistiques générales
  • Ce quiz a été pris 9 fois
  • Le résultat moyen est 2 sur 6
Statistiques - réponses
Réponses % Correct
5 Rottweiler
89%
2 Ratier de Prague
44%
3 Retriever de la Nouvelle-Écosse
22%
1 Rafeiro do Alentejo
0%
4 Rhodesian Ridgeback
0%
6 Russkiy Toy
0%
Aucun quiz correspondant
Distribution des résultats
% des personnes avec chaque résultat
Percentile par nombre de réponses
Votre historique - résultats
Vous n’avez pas pris ce quiz